000
00255nam a2200109Ia 4500
008
190216s9999||||xx |||||||||||||| ||und||
100
_a
Chellappan Nair N P
245
0
_a
Reyil Cross
260
_b
Current Books
650
_a
Malayalam Nadakam
942
_c
BK
999
_c
24645
_d
24645